[Event "ODJM B 2024"]
[Site "Willingen GER"]
[Date "2024.05.19"]
[Round "1"]
[White "Tarasenko, Ruslan"]
[Black "Reger, Christoph"]
[Result "0-1"]
[Termination "normal"]
[Board "42"]
[WhiteElo "1525"]
[BlackElo "1623"]
[WhiteClock "00:15:29"]
[BlackClock "00:07:27"]
[PlyCount "70"]
[WhiteFideId "34166343"]
[BlackFideId "16287606"]
[EventCountry "GER"]
[EventRounds "9"]
[EventType "swiss"]
[EventDate "2024.05.18"]

1. e4 {[%clk 01:30:51]} {[%emt 00:00:09]} c5 {[%clk 01:30:56]} {[%emt
00:00:04]} 2. Nf3 {[%clk 01:31:07]} {[%emt 00:00:14]} e6 {[%clk 01:31:22]}
{[%emt 00:00:05]} 3. d4 {[%clk 01:31:17]} {[%emt 00:00:19]} cxd4 {[%clk
01:31:48]} {[%emt 00:00:04]} 4. Nxd4 {[%clk 01:31:36]} {[%emt 00:00:11]} a6
{[%clk 01:32:13]} {[%emt 00:00:05]} 5. Bd3 {[%clk 01:31:22]} {[%emt 00:00:45]}
Qc7 {[%clk 01:32:32]} {[%emt 00:00:10]} 6. O-O {[%clk 01:29:09]} {[%emt
00:02:42]} b5 {[%clk 01:32:42]} {[%emt 00:00:21]} 7. Nd2 {[%clk 01:25:22]}
{[%emt 00:04:17]} Bb7 {[%clk 01:32:41]} {[%emt 00:00:31]} 8. N2b3 {[%clk
01:24:51]} {[%emt 00:01:01]} Nf6 {[%clk 01:31:59]} {[%emt 00:01:11]} 9. Re1
{[%clk 01:22:32]} {[%emt 00:02:48]} Nc6 {[%clk 01:31:24]} {[%emt 00:01:38]} 10.
Nxc6 {[%clk 01:19:30]} {[%emt 00:04:01]} Bxc6 {[%clk 01:31:36]} {[%emt
00:00:17]} 11. Nd4 {[%clk 01:17:59]} {[%emt 00:02:02]} Bb7 {[%clk 01:31:49]}
{[%emt 00:00:16]} 12. Bg5 {[%clk 01:17:00]} {[%emt 00:01:30]} Bd6 {[%clk
01:27:05]} {[%emt 00:05:14]} 13. h3 {[%clk 01:07:11]} {[%emt 00:10:19]} Be5
{[%clk 01:25:06]} {[%emt 00:02:28]} 14. c3 {[%clk 01:05:06]} {[%emt 00:02:36]}
h6 {[%clk 01:23:13]} {[%emt 00:02:22]} 15. Bxf6 {[%clk 00:58:28]} {[%emt
00:07:09]} gxf6 {[%clk 01:19:45]} {[%emt 00:03:58]} 16. Qg4 {[%clk 00:57:13]}
{[%emt 00:01:46]} Ke7 {[%clk 01:17:38]} {[%emt 00:02:36]} 17. Rac1 {[%clk
00:52:36]} {[%emt 00:05:08]} Rag8 {[%clk 01:17:18]} {[%emt 00:00:49]} 18. Qd1
{[%clk 00:52:34]} {[%emt 00:00:33]} Rg7 {[%clk 01:15:03]} {[%emt 00:02:44]} 19.
Rc2 {[%clk 00:48:08]} {[%emt 00:04:56]} Rhg8 {[%clk 01:12:37]} {[%emt
00:02:56]} 20. f3 {[%clk 00:48:05]} {[%emt 00:00:32]} Bg3 {[%clk 00:52:02]}
{[%emt 00:21:05]} 21. Ree2 {[%clk 00:47:33]} {[%emt 00:01:01]} Bh4 {[%clk
00:18:16]} {[%emt 00:34:18]} 22. Qd2 {[%clk 00:38:08]} {[%emt 00:09:55]} Qg3
{[%clk 00:17:20]} {[%emt 00:01:26]} 23. Kh1 {[%clk 00:35:06]} {[%emt 00:03:32]}
Bg5 {[%clk 00:15:22]} {[%emt 00:02:27]} 24. Qe1 {[%clk 00:32:22]} {[%emt
00:03:15]} Qd6 {[%clk 00:14:28]} {[%emt 00:01:20]} 25. e5 {[%clk 00:30:28]}
{[%emt 00:02:28]} fxe5 {[%clk 00:11:51]} {[%emt 00:03:07]} 26. Rxe5 {[%clk
00:29:11]} {[%emt 00:01:47]} Kd8 {[%clk 00:09:26]} {[%emt 00:02:55]} 27. Ree2
{[%clk 00:20:15]} {[%emt 00:09:26]} Bf6 {[%clk 00:08:07]} {[%emt 00:01:49]} 28.
Rcd2 {[%clk 00:19:00]} {[%emt 00:01:47]} Bxd4 {[%clk 00:07:36]} {[%emt
00:01:00]} 29. cxd4 {[%clk 00:19:19]} {[%emt 00:00:11]} Qf4 {[%clk 00:07:34]}
{[%emt 00:00:32]} 30. Be4 {[%clk 00:18:49]} {[%emt 00:01:00]} Bxe4 {[%clk
00:07:18]} {[%emt 00:00:45]} 31. Rxe4 {[%clk 00:18:56]} {[%emt 00:00:23]} Qf5
{[%clk 00:06:42]} {[%emt 00:01:06]} 32. Rde2 {[%clk 00:17:18]} {[%emt
00:02:09]} Rxg2 {[%clk 00:06:21]} {[%emt 00:00:50]} 33. Rxg2 {[%clk 00:16:14]}
{[%emt 00:01:33]} Qxh3+ {[%clk 00:06:39]} {[%emt 00:00:12]} 34. Rh2 {[%clk
00:15:07]} {[%emt 00:01:36]} Qxf3+ {[%clk 00:07:02]} {[%emt 00:00:09]} 35. Rg2
{[%clk 00:15:29]} {[%emt 00:00:08]} Qxg2# {[%clk 00:07:27]} {[%emt 00:00:05]}
0-1

[Event "ODJM B 2024"]
[Site "Willingen GER"]
[Date "2024.05.19"]
[Round "1"]
[White "Meijers, Jaroslav"]
[Black "Mersmann, Jasmin"]
[Result "0-1"]
[Termination "normal"]
[Board "43"]
[WhiteElo "1704"]
[BlackElo "1486"]
[WhiteClock "00:01:17"]
[BlackClock "00:49:45"]
[PlyCount "60"]
[WhiteFideId "34143297"]
[BlackFideId "34630287"]
[EventCountry "GER"]
[EventRounds "9"]
[EventType "swiss"]
[EventDate "2024.05.18"]

1. d4 {[%clk 01:30:52]} {[%emt 00:00:07]} d5 {[%clk 01:30:56]} {[%emt
00:00:04]} 2. c4 {[%clk 01:31:14]} {[%emt 00:00:08]} dxc4 {[%clk 01:30:53]}
{[%emt 00:00:33]} 3. e3 {[%clk 01:27:12]} {[%emt 00:04:33]} Nf6 {[%clk
01:30:56]} {[%emt 00:00:26]} 4. Bxc4 {[%clk 01:21:27]} {[%emt 00:06:15]} Bf5
{[%clk 01:30:54]} {[%emt 00:00:32]} 5. Nc3 {[%clk 01:06:06]} {[%emt 00:15:52]}
e6 {[%clk 01:31:03]} {[%emt 00:00:20]} 6. Nge2 {[%clk 00:53:26]} {[%emt
00:13:09]} Bd6 {[%clk 01:30:48]} {[%emt 00:00:44]} 7. Ng3 {[%clk 00:48:32]}
{[%emt 00:05:25]} Bg6 {[%clk 01:28:58]} {[%emt 00:02:19]} 8. O-O {[%clk
00:44:05]} {[%emt 00:04:57]} O-O {[%clk 01:28:42]} {[%emt 00:00:45]} 9. Re1
{[%clk 00:39:46]} {[%emt 00:04:50]} Nc6 {[%clk 01:27:58]} {[%emt 00:01:13]} 10.
b3 {[%clk 00:18:25]} {[%emt 00:21:52]} e5 {[%clk 01:13:30]} {[%emt 00:14:58]}
11. d5 {[%clk 00:17:24]} {[%emt 00:01:31]} Bb4 {[%clk 01:11:25]} {[%emt
00:02:35]} 12. Bb2 {[%clk 00:14:15]} {[%emt 00:03:40]} Ne7 {[%clk 01:10:14]}
{[%emt 00:01:40]} 13. e4 {[%clk 00:13:07]} {[%emt 00:01:39]} Nc8 {[%clk
01:07:48]} {[%emt 00:02:55]} 14. a3 {[%clk 00:13:02]} {[%emt 00:00:36]} Ba5
{[%clk 01:07:34]} {[%emt 00:00:42]} 15. b4 {[%clk 00:09:44]} {[%emt 00:03:50]}
Nd6 {[%clk 01:06:43]} {[%emt 00:01:22]} 16. Bd3 {[%clk 00:09:01]} {[%emt
00:01:13]} Bb6 {[%clk 01:06:49]} {[%emt 00:00:23]} 17. Nb5 {[%clk 00:06:36]}
{[%emt 00:02:56]} Nxb5 {[%clk 00:59:49]} {[%emt 00:07:29]} 18. Bxb5 {[%clk
00:07:03]} {[%emt 00:00:04]} Qd6 {[%clk 00:58:00]} {[%emt 00:02:17]} 19. Qf3
{[%clk 00:04:53]} {[%emt 00:02:42]} a6 {[%clk 00:56:54]} {[%emt 00:01:36]} 20.
Ba4 {[%clk 00:05:08]} {[%emt 00:00:15]} a5 {[%clk 00:57:02]} {[%emt 00:00:21]}
21. Bc3 {[%clk 00:03:24]} {[%emt 00:02:13]} axb4 {[%clk 00:56:03]} {[%emt
00:01:30]} 22. axb4 {[%clk 00:03:18]} {[%emt 00:00:36]} Ra7 {[%clk 00:53:48]}
{[%emt 00:02:45]} 23. Nf5 {[%clk 00:01:22]} {[%emt 00:02:26]} Bxf5 {[%clk
00:53:53]} {[%emt 00:00:24]} 24. Qxf5 {[%clk 00:01:21]} {[%emt 00:00:32]} Rfa8
{[%clk 00:53:19]} {[%emt 00:01:04]} 25. Bxe5 {[%clk 00:01:13]} {[%emt
00:00:38]} Qxb4 {[%clk 00:51:20]} {[%emt 00:02:27]} 26. Reb1 {[%clk 00:00:50]}
{[%emt 00:00:55]} Rxa4 {[%clk 00:50:44]} {[%emt 00:01:04]} 27. Bxf6 {[%clk
00:00:33]} {[%emt 00:00:49]} Rxa1 {[%clk 00:50:37]} {[%emt 00:00:38]} 28. h3
{[%clk 00:00:31]} {[%emt 00:00:32]} Qxb1+ {[%clk 00:49:44]} {[%emt 00:01:20]}
29. Kh2 {[%clk 00:00:59]} {[%emt 00:00:04]} Qg1+ {[%clk 00:49:52]} {[%emt
00:00:20]} 30. Kg3 {[%clk 00:01:17]} {[%emt 00:00:15]} Qxf2+ {[%clk 00:49:45]}
{[%emt 00:00:36]} 0-1

[Event "ODJM B 2024"]
[Site "Willingen GER"]
[Date "2024.05.19"]
[Round "1"]
[White "Sniegowski, Richard"]
[Black "Kühne, Malin"]
[Result "1/2-1/2"]
[Termination "normal"]
[Board "45"]
[WhiteElo "1683"]
[BlackElo "1546"]
[WhiteClock "00:38:27"]
[BlackClock "00:12:25"]
[PlyCount "105"]
[WhiteFideId "34664181"]
[BlackFideId "34619747"]
[EventCountry "GER"]
[EventRounds "9"]
[EventType "swiss"]
[EventDate "2024.05.18"]

1. e4 {[%clk 01:30:58]} {[%emt 00:00:02]} c6 {[%clk 01:30:55]} {[%emt
00:00:06]} 2. Nf3 {[%clk 01:31:08]} {[%emt 00:00:19]} d5 {[%clk 01:31:17]}
{[%emt 00:00:08]} 3. exd5 {[%clk 01:31:33]} {[%emt 00:00:06]} cxd5 {[%clk
01:31:41]} {[%emt 00:00:07]} 4. Ne5 {[%clk 01:31:58]} {[%emt 00:00:05]} a6
{[%clk 01:25:44]} {[%emt 00:06:28]} 5. d4 {[%clk 01:31:14]} {[%emt 00:01:13]}
Nc6 {[%clk 01:24:46]} {[%emt 00:01:27]} 6. Nd2 {[%clk 01:30:58]} {[%emt
00:00:46]} Nxe5 {[%clk 01:22:56]} {[%emt 00:02:20]} 7. dxe5 {[%clk 01:31:18]}
{[%emt 00:00:11]} Bf5 {[%emt 00:06:35]} 8. Nf3 {[%clk 01:30:09]} e6 {[%clk
01:17:28]} {[%emt 00:01:30]} 9. c3 {[%clk 01:28:30]} {[%emt 00:02:10]} Bc5
{[%clk 01:15:33]} {[%emt 00:02:24]} 10. Nd4 {[%clk 01:28:47]} {[%emt 00:00:14]}
Bg6 {[%clk 01:15:08]} {[%emt 00:00:55]} 11. Qa4+ {[%clk 01:29:11]} {[%emt
00:00:07]} Kf8 {[%clk 01:09:50]} {[%emt 00:05:47]} 12. Be3 {[%clk 01:25:09]}
{[%emt 00:04:33]} Qc8 {[%clk 01:05:25]} {[%emt 00:04:55]} 13. c4 {[%clk
01:17:00]} {[%emt 00:08:39]} Bxd4 {[%clk 00:57:40]} {[%emt 00:08:14]} 14. Bxd4
{[%clk 01:16:25]} {[%emt 00:01:05]} Ne7 {[%clk 00:52:44]} {[%emt 00:05:26]} 15.
Qb4 {[%clk 01:14:14]} {[%emt 00:02:41]} dxc4 {[%clk 00:47:42]} {[%emt
00:05:31]} 16. Bxc4 {[%clk 01:11:28]} {[%emt 00:03:16]} Ke8 {[%clk 00:43:55]}
{[%emt 00:04:17]} 17. Rc1 {[%clk 01:03:50]} {[%emt 00:08:08]} Nc6 {[%clk
00:35:34]} {[%emt 00:08:52]} 18. Qc3 {[%clk 00:57:05]} {[%emt 00:07:15]} Kf8
{[%clk 00:28:19]} {[%emt 00:07:44]} 19. Bc5+ {[%clk 00:55:50]} {[%emt
00:01:46]} Kg8 {[%clk 00:27:22]} {[%emt 00:01:27]} 20. Bd6 {[%clk 00:56:14]}
{[%emt 00:00:05]} h6 {[%clk 00:26:45]} {[%emt 00:01:08]} 21. O-O {[%clk
00:56:32]} {[%emt 00:00:12]} Kh7 {[%clk 00:25:53]} {[%emt 00:01:21]} 22. Bd3
{[%clk 00:56:54]} {[%emt 00:00:08]} Bf5 {[%clk 00:22:43]} {[%emt 00:03:40]} 23.
Bxf5+ {[%clk 00:55:58]} {[%emt 00:01:27]} exf5 {[%clk 00:23:06]} {[%emt
00:00:07]} 24. Qb3 {[%clk 00:56:24]} {[%emt 00:00:05]} Qd7 {[%clk 00:20:54]}
{[%emt 00:02:41]} 25. Rfd1 {[%clk 00:56:33]} {[%emt 00:00:21]} Nd8 {[%clk
00:17:43]} {[%emt 00:03:41]} 26. Qg3 {[%clk 00:54:30]} {[%emt 00:02:33]} Qe6
{[%clk 00:16:31]} {[%emt 00:01:42]} 27. b3 {[%clk 00:53:17]} {[%emt 00:01:43]}
Nc6 {[%clk 00:16:00]} {[%emt 00:01:01]} 28. f4 {[%clk 00:50:51]} {[%emt
00:02:56]} Rhd8 {[%clk 00:15:37]} {[%emt 00:00:52]} 29. Bc7 {[%clk 00:49:25]}
{[%emt 00:01:57]} Rd5 {[%clk 00:14:19]} {[%emt 00:01:48]} 30. Qf3 {[%clk
00:48:48]} {[%emt 00:01:07]} Rxd1+ {[%clk 00:11:04]} {[%emt 00:03:45]} 31. Rxd1
{[%clk 00:48:53]} {[%emt 00:00:24]} Qe7 {[%clk 00:11:11]} {[%emt 00:00:22]} 32.
Bd6 {[%clk 00:48:30]} {[%emt 00:00:55]} Qe6 {[%clk 00:10:55]} {[%emt 00:00:45]}
33. Qe3 {[%clk 00:46:12]} {[%emt 00:02:49]} Rd8 {[%clk 00:09:05]} {[%emt
00:02:20]} 34. Qb6 {[%clk 00:43:54]} {[%emt 00:02:48]} Rd7 {[%clk 00:08:47]}
{[%emt 00:00:48]} 35. a3 {[%clk 00:42:06]} {[%emt 00:02:19]} Kg6 {[%clk
00:06:07]} {[%emt 00:03:08]} 36. Rd3 {[%clk 00:40:10]} {[%emt 00:02:23]} f6
{[%clk 00:05:46]} {[%emt 00:00:54]} 37. Qc5 {[%clk 00:29:53]} {[%emt 00:10:48]}
fxe5 {[%clk 00:04:58]} {[%emt 00:01:19]} 38. Rg3+ {[%clk 00:30:03]} {[%emt
00:00:19]} Kf7 {[%clk 00:04:45]} {[%emt 00:00:40]} 39. fxe5 {[%clk 00:29:34]}
{[%emt 00:01:03]} g5 {[%clk 00:01:45]} {[%emt 00:03:30]} 40. a4 {[%clk
00:24:59]} {[%emt 00:05:05]} Kg6 {[%clk 00:01:14]} {[%emt 00:01:01]} 41. b4
{[%clk 00:22:37]} {[%emt 00:02:52]} f4 {[%clk 00:00:53]} {[%emt 00:00:50]} 42.
Rf3 {[%clk 00:22:42]} {[%emt 00:00:25]} Qf5 {[%clk 00:28:51]} {[%emt 00:02:32]}
43. b5 {[%clk 00:51:01]} {[%emt 00:02:11]} axb5 {[%clk 00:25:53]} {[%emt
00:03:28]} 44. axb5 {[%clk 00:51:04]} {[%emt 00:00:27]} Nd8 {[%clk 00:24:29]}
{[%emt 00:01:54]} 45. g3 {[%clk 00:47:31]} {[%emt 00:04:03]} Nf7 {[%clk
00:21:29]} {[%emt 00:03:30]} 46. Qb6 {[%clk 00:43:40]} {[%emt 00:04:21]} Kh7
{[%clk 00:15:20]} {[%emt 00:06:34]} 47. gxf4 {[%clk 00:42:30]} {[%emt
00:01:44]} gxf4 {[%clk 00:14:49]} {[%emt 00:01:01]} 48. Qd4 {[%clk 00:38:58]}
{[%emt 00:03:59]} Nxd6 {[%clk 00:13:58]} {[%emt 00:01:24]} 49. exd6 {[%clk
00:39:12]} {[%emt 00:00:15]} Qg6+ {[%clk 00:14:04]} {[%emt 00:00:24]} 50. Kf2
{[%clk 00:37:30]} {[%emt 00:02:13]} Qxd6 {[%clk 00:12:49]} {[%emt 00:01:46]}
51. Qxd6 {[%clk 00:37:52]} {[%emt 00:00:08]} Rxd6 {[%clk 00:13:14]} {[%emt
00:00:05]} 52. Rxf4 {[%clk 00:38:16]} {[%emt 00:00:05]} Kg6 {[%clk 00:12:25]}
{[%emt 00:01:20]} 53. Rb4 {[%clk 00:38:27]} {[%emt 00:00:14]} 1/2-1/2

[Event "ODJM B 2024"]
[Site "Willingen GER"]
[Date "2024.05.19"]
[Round "1"]
[White "Wilke, Ronja"]
[Black "Walter, Richard"]
[Result "0-1"]
[Termination "normal"]
[Board "46"]
[WhiteElo "1596"]
[BlackElo "1719"]
[WhiteClock "00:39:27"]
[BlackClock "00:32:03"]
[PlyCount "100"]
[WhiteFideId "16288378"]
[BlackFideId "34620028"]
[EventCountry "GER"]
[EventRounds "9"]
[EventType "swiss"]
[EventDate "2024.05.18"]

1. e4 {[%clk 01:30:58]} {[%emt 00:00:02]} c6 {[%clk 01:30:55]} {[%emt
00:00:06]} 2. d4 {[%emt 00:00:11]} d5 {[%clk 01:31:20]} {[%emt 00:00:02]} 3. e5
{[%clk 01:31:23]} {[%emt 00:00:26]} c5 {[%clk 01:31:45]} {[%emt 00:00:05]} 4.
c3 {[%clk 01:31:34]} {[%emt 00:00:20]} Nc6 {[%clk 01:31:47]} {[%emt 00:00:27]}
5. Nf3 {[%clk 01:30:51]} {[%emt 00:01:13]} cxd4 {[%clk 01:31:37]} {[%emt
00:00:41]} 6. cxd4 {[%clk 01:31:13]} {[%emt 00:00:08]} Bg4 {[%clk 01:31:55]}
{[%emt 00:00:11]} 7. Be2 {[%clk 01:31:25]} {[%emt 00:00:18]} e6 {[%clk
01:31:51]} {[%emt 00:00:35]} 8. O-O {[%clk 01:31:28]} {[%emt 00:00:26]} Nge7
{[%clk 01:31:34]} {[%emt 00:00:47]} 9. h3 {[%clk 01:30:30]} {[%emt 00:01:28]}
Bxf3 {[%clk 01:31:09]} {[%emt 00:00:55]} 10. Bxf3 {[%clk 01:30:48]} {[%emt
00:00:12]} Nf5 {[%clk 01:31:32]} {[%emt 00:00:08]} 11. Be3 {[%clk 01:29:10]}
{[%emt 00:02:08]} Be7 {[%clk 01:30:03]} {[%emt 00:01:59]} 12. Qd3 {[%clk
01:28:19]} {[%emt 00:01:21]} Bg5 {[%clk 01:26:23]} {[%emt 00:04:10]} 13. Bg4
{[%clk 01:27:32]} {[%emt 00:01:17]} Nxe3 {[%clk 01:19:49]} {[%emt 00:07:04]}
14. fxe3 {[%clk 01:27:48]} {[%emt 00:00:14]} Qb6 {[%clk 01:19:19]} {[%emt
00:01:00]} 15. Qe2 {[%clk 01:27:24]} {[%emt 00:00:53]} Qa6 {[%clk 01:18:22]}
{[%emt 00:01:28]} 16. Qf3 {[%clk 01:25:36]} {[%emt 00:02:18]} O-O {[%clk
01:17:58]} {[%emt 00:00:54]} 17. Nc3 {[%clk 01:25:07]} {[%emt 00:00:59]} Nb4
{[%clk 01:16:12]} {[%emt 00:02:15]} 18. Rf2 {[%clk 01:24:09]} {[%emt 00:01:29]}
f5 {[%clk 01:08:59]} {[%emt 00:07:43]} 19. exf6 {[%clk 01:22:28]} {[%emt
00:02:11]} Rxf6 {[%clk 01:09:23]} {[%emt 00:00:06]} 20. Qg3 {[%clk 01:22:02]}
{[%emt 00:00:56]} Rxf2 {[%clk 01:09:23]} {[%emt 00:00:30]} 21. Qxf2 {[%clk
01:21:43]} {[%emt 00:00:50]} Rf8 {[%clk 01:09:27]} {[%emt 00:00:26]} 22. Qd2
{[%clk 01:21:32]} {[%emt 00:00:40]} Rf6 {[%clk 01:05:50]} {[%emt 00:04:07]} 23.
a3 {[%clk 01:21:11]} {[%emt 00:00:52]} Qd3 {[%clk 01:01:28]} {[%emt 00:04:51]}
24. Qxd3 {[%clk 01:19:56]} {[%emt 00:01:44]} Nxd3 {[%clk 01:01:52]} {[%emt
00:00:07]} 25. Nd1 {[%clk 01:19:44]} {[%emt 00:00:41]} e5 {[%clk 01:02:09]}
{[%emt 00:00:14]} 26. Be2 {[%clk 01:18:24]} {[%emt 00:01:49]} e4 {[%clk
01:00:04]} {[%emt 00:02:35]} 27. Kh2 {[%clk 01:15:21]} {[%emt 00:03:29]} Nf2
{[%clk 00:58:03]} {[%emt 00:02:36]} 28. Nc3 {[%clk 01:12:59]} {[%emt 00:02:52]}
Rd6 {[%clk 00:56:15]} {[%emt 00:02:18]} 29. Nxd5 {[%clk 01:12:13]} {[%emt
00:01:15]} Nd3 {[%clk 00:53:00]} {[%emt 00:03:45]} 30. Nc3 {[%clk 01:11:36]}
{[%emt 00:01:07]} Bxe3 {[%clk 00:52:26]} {[%emt 00:01:04]} 31. Nxe4 {[%clk
01:10:27]} {[%emt 00:01:39]} Rxd4 {[%clk 00:52:44]} {[%emt 00:00:12]} 32. b4
{[%clk 01:09:45]} {[%emt 00:01:12]} Nxb4 {[%clk 00:49:29]} {[%emt 00:03:45]}
33. Bf3 {[%clk 01:07:42]} {[%emt 00:02:26]} Nc2 {[%clk 00:46:34]} {[%emt
00:03:32]} 34. Rb1 {[%clk 01:06:58]} {[%emt 00:01:14]} b6 {[%clk 00:45:21]}
{[%emt 00:01:43]} 35. Rb3 {[%clk 01:06:22]} {[%emt 00:01:06]} Bf4+ {[%clk
00:42:46]} {[%emt 00:03:05]} 36. Kg1 {[%clk 01:05:06]} {[%emt 00:01:39]} Ne1
{[%clk 00:41:30]} {[%emt 00:01:54]} 37. Bh5 {[%clk 01:03:48]} {[%emt 00:01:47]}
Rxe4 {[%clk 00:36:16]} {[%emt 00:05:44]} 38. Kf2 {[%clk 01:02:48]} {[%emt
00:01:30]} g6 {[%clk 00:35:11]} {[%emt 00:01:35]} 39. Bd1 {[%clk 01:01:16]}
{[%emt 00:02:03]} Bd6 {[%clk 00:34:27]} {[%emt 00:01:13]} 40. Rc3 {[%clk
00:59:05]} {[%emt 00:02:41]} Bc5+ {[%clk 00:34:50]} {[%emt 00:00:07]} 41. Kf1
{[%clk 00:58:01]} {[%emt 00:01:30]} Kg7 {[%clk 00:34:27]} {[%emt 00:00:57]} 42.
g3 {[%clk 00:57:19]} {[%emt 00:01:12]} Kf6 {[%clk 00:33:56]} {[%emt 00:01:00]}
43. g4 {[%clk 00:54:37]} {[%emt 00:03:13]} Kg5 {[%clk 00:33:48]} {[%emt
00:00:38]} 44. Rb3 {[%clk 00:53:15]} {[%emt 00:01:52]} Kh4 {[%clk 00:33:35]}
{[%emt 00:00:43]} 45. Rc3 {[%clk 00:51:18]} {[%emt 00:02:27]} a5 {[%clk
00:33:20]} {[%emt 00:00:46]} 46. Rb3 {[%clk 00:49:55]} {[%emt 00:01:53]} Bd4
{[%clk 00:32:39]} {[%emt 00:01:11]} 47. Be2 {[%clk 00:47:21]} {[%emt 00:03:04]}
Ng2 {[%clk 00:32:18]} {[%emt 00:00:51]} 48. Rd3 {[%clk 00:45:00]} {[%emt
00:02:51]} Rxe2 {[%clk 00:31:43]} {[%emt 00:01:03]} 49. Rxd4 {[%clk 00:39:46]}
{[%emt 00:05:46]} Rc2 {[%clk 00:31:39]} {[%emt 00:00:33]} 50. a4 {[%clk
00:39:27]} {[%emt 00:00:49]} Rc4 {[%clk 00:32:03]} {[%emt 00:00:06]} 0-1